Don Juan imája. {Ruga lui Don Juan}. [Don Juan's pray]
Elmentve itt :
| Szerző: | |
|---|---|
| Adatforrás: | Meister |
| Forrásdokumentuma: | Látó. - 2002. 8-9, 197-203. |
| Nyelv: | magyar |
| Kulcsszavak: | irodalmi esszé eseu literar literary essay |
| LEADER | 00404nab a2200145 i 4500 | ||
|---|---|---|---|
| 001 | bibPRO00010697 | ||
| 008 | 080908s2002 xx hun | ||
| 040 | |a Sz1 | ||
| 041 | |a hun | ||
| 100 | 1 | |a BALASI András | |
| 245 | 1 | 0 | |a Don Juan imája. {Ruga lui Don Juan}. [Don Juan's pray] |c BALASI András |
| 695 | |a irodalmi esszé | ||
| 695 | |a eseu literar | ||
| 695 | |a literary essay | ||
| 773 | 0 | |t Látó. - |g 2002. 8-9, 197-203. | |